Państwa na MUNDIALU 2018 - Statystyki

Ogólne statystyki
  • Ten quiz został rozwiązany 761 razy
  • Średni wynik to 25 z 32
Statystyki odpowiedzi
l.p. Państwa % Poprawnych
17. Polska
98%
7. Francja
96%
13. Rosja
94%
2. Argentyna
93%
1. Anglia
92%
4. Brazylia
92%
8. Hiszpania
91%
9. Japonia
91%
26. Niemcy
91%
12. Portugalia
91%
30. Senegal
88%
3. Belgia
87%
5. Chorwacja
87%
10. Kolumbia
86%
15. Szwecja
82%
11. Meksyk
80%
16. Urugwaj
79%
19. Australia
76%
6. Dania
76%
20. Egipt
76%
23. Korea Południowa
76%
18. Arabia Saudyjska
74%
14. Szwajcaria
71%
25. Maroko
68%
22. Iran
66%
27. Nigeria
66%
28. Panama
64%
24. Kostaryka
62%
21. Islandia
61%
29. Peru
61%
32. Serbia
61%
31. Tunezja
60%
Nie znaleziono quizów pasujących do podanych kryteriów
Rozkład punktacji
Procent ludzi z każdym wynikiem
Percentyl według liczby udzielonych odpowiedzi
Twoja historia wyników
Nie rozwiązałeś tego quizu